| 000 | 00696 a2200217 4500 | ||
|---|---|---|---|
| 010 | _aTML-30802 | ||
| 020 | _c750.00 | ||
| 035 | _aTM-29041 | ||
| 037 | _bD.B.Act / pub / | ||
| 082 | _a894.8114 | ||
| 090 |
_c10429 _d10429 |
||
| 245 |
_a தமிழ் இனி 2000 _bமாநாட்டுக் கட்டுரைகள் |
||
| 246 |
_aTamil Ini 2000 _bby |
||
| 250 | _a1st ed | ||
| 260 |
_aNagerkoil _bKalachuvadu Pathippagam _c2007 |
||
| 270 |
_a669,K.P.Road _bNagerkoil _e629001 |
||
| 300 |
_a1030p _b22cm |
||
| 650 |
_aTamil Literature _xessays |
||
| 942 |
_cTM _k894.8114 / TAM |
||
| 999 |
_c10166 _d10166 |
||